Quick Pick: Sleeping Beauty Characters Quiz Stats

Quiz Updated Nov 19, 2017

Challenge
Share
Tweet
Embed
Score 0/10 Timer 01:00
3 Plays Today
% Correct
Princess Aurora
92.3%
Maleficent
89.4%
Prince Phillip
86.8%
Flora
84.3%
Fauna
82%
Merryweather
80.8%
King Stefan
71.4%
Queen Leah
67.2%
King Hubert
57.6%
Diablo
31.8%

Today's Daily Dose

Missing Word
Anagrams

On This Day
April 23rd II

You're not logged in!

Compare scores with friends on all Sporcle quizzes.
Sign Up with Email
OR
Log In

You Might Also Like...

Show Comments

Extras

Top Quizzes Today


Score Distribution

Your Account Isn't Verified!

In order to create a playlist on Sporcle, you need to verify the email address you used during registration. Go to your Sporcle Settings to finish the process.

Report this User

Report this user for behavior that violates our Community Guidelines.

Details: